Della deportazione come base fondamentale delle riforme carcerarie e della colonizzazione italiana : (Record no. 153066)

MARC details
000 -LEADER
campo de control de longitud fija 01022nam a2200205 i 4500
001 - NÚMERO DE CONTROL
campo de control 153066
003 - IDENTIFICADOR DE NÚMERO DE CONTROL
campo de control ES-MaACL
005 - FECHA Y HORA DE LA ÚLTIMA TRANSACCIÓN
campo de control 20250719062537.0
008 - DATOS DE LONGITUD FIJA--INFORMACIÓN GENERAL
campo de control de longitud fija 050711s1872 it |||| | ita d
100 1# - ENTRADA PRINCIPAL--NOMBRE DE PERSONA
Nombre de persona Cerruti, G. Emilio.
9 (RLIN) 126426
245 10 - MENCIÓN DEL TÍTULO
Título Della deportazione come base fondamentale delle riforme carcerarie e della colonizzazione italiana :
Resto del título lettera /
Mención de responsabilidad, etc. di G. Emilio Cerruti al cavaliere Tancredi Canonico.
260 ## - PUBLICACIÓN, DISTRIBUCIÓN, ETC.
Lugar de publicación, distribución, etc. Torino :
Nombre del editor, distribuidor, etc. [s.n.],
Fecha de publicación, distribución, etc. 1872
Fabricante (Stabilimento Gius. Civelli)
300 ## - DESCRIPCIÓN FÍSICA
Extensión 61 p. ;
Dimensiones 22 cm.
650 #4 - PUNTO DE ACCESO ADICIONAL DE MATERIA--TÉRMINO DE MATERIA
Término de materia o nombre geográfico como elemento de entrada Deportación.
9 (RLIN) 135876
852 ## - LOCALIZACIÓN
Ubicación ES-MaACL
Número de control de estantería D-273(13)
itemnumber 158627
Sublocalización o colección R.FOLL.12/13
Ubicación en estantería Sala Valle Inclán
Signatura antigua Olim: 193-C-3
Donativo/Legado Donación: Francisco Lastres y Juiz
Marcas de propiedad Sello en tinta en verso de hoja de guarda del volumen: "Donativo del Sr. Lastres al Ateno de Madrid, 1907".
Encuadernación Encuadernado con otras obras formando un volumen facticio.
903 ## - NOMBRE PERSONAL DE DONANTE
a Lastres y Juiz, Francisco,
d 1848-1918
q 1
e Donante
9 70504
942 ## - ELEMENTOS DE ENTRADA SECUNDARIOS (KOHA)
Fuente del sistema de clasificación o colocación Clasificación decimal universal
Tipo de ítem Koha Folleto
Holdings
Estatus retirado Estado de pérdida Fuente del sistema de clasificación o colocación Estado de daño No para préstamo Colección Biblioteca de origen Biblioteca actual Ubicación en estantería Fecha de adquisición Fuente de adquisición Total de préstamos Signatura topográfica completa Código de barras Visto por última vez Precio de reemplazo Tipo de ítem Koha
    Clasificación decimal universal     Colección de folletos Biblioteca del Ateneo de Madrid Biblioteca del Ateneo de Madrid Sala Valle Inclán 17/01/2008 Donación   D-273(13) 901159916 23/02/2023 23/02/2023 Folleto